Lyra graeca : being the remains of all the Greek lyric poets from Eumelus to Timotheus excepting Pindar /

Bibliographic Details
Main Author: Edmonds, J. M. (John Maxwell)
Format: Book
Language:English
Greek, Modern (1453-)
Published: London, W. Heinemann; Cambridge, Mass. : Harvard univ. press, 1934-1945.
Edition:Rev. and augm. ed.
Series:Loeb classical library.
Subjects:

MARC

Tag First Indicator Second Indicator Subfields
LEADER 00000cam a2200000 4500
001 in00001504113
005 20151021081259.0
008 790409m19341945xx 000 0 eng d
035 |a (OCoLC)04839286 
035 |9 AJJ2804AM 
040 |a CLE  |c CLE  |d OCL  |d UBA  |d TXA  |d UtOrBLW 
041 0 |a eng  |a gre 
049 |a TXAM 
090 |a PA3612  |b .A15 1934 
092 |a 881.08  |b 3032 
100 1 |a Edmonds, J. M.  |q (John Maxwell) 
245 1 0 |a Lyra graeca :  |b being the remains of all the Greek lyric poets from Eumelus to Timotheus excepting Pindar /  |c newly edited and translated by J. M. Edmonds, in three volumes. 
250 |a Rev. and augm. ed. 
264 1 |a London, W. Heinemann;  |a Cambridge, Mass. :  |b Harvard univ. press,  |c 1934-1945. 
300 |a 3 volumes :  |b frontispiece ;  |c 17 cm. 
336 |a text  |b txt  |2 rdacontent 
337 |a unmediated  |b n  |2 rdamedia 
338 |a volume  |b nc  |2 rdacarrier 
490 1 |a The Loeb classical library 
500 |a Greek and English on opposite pages. 
500 |a "First printed 1922." 
504 |a "Select bibliography": volume 1. pages xix. 
650 7 |a Literatura Grega.  |2 larpcal 
830 0 |a Loeb classical library. 
948 |a c:jls 
999 |a MARS 
999 f f |s b365e679-a97c-30a6-ba7a-7ac5856a5cf9  |i 7afd2eec-bfb7-38b1-b939-09f9725940cb  |t 0 
952 f f |p noncirc  |a Texas A&M University  |b College Station  |c Sterling C. Evans Library  |d Bodrum (located in Turkey)  |t 0  |e PA3612 .A15 1934  |h Library of Congress classification  |i unmediated -- volume  |k v.1 
952 f f |p noncirc  |a Texas A&M University  |b College Station  |c Sterling C. Evans Library  |d Bodrum (located in Turkey)  |t 0  |e PA3612 .A15 1934  |h Library of Congress classification  |i unmediated -- volume  |k v.3 
998 f f |a PA3612 .A15 1934  |s v.1,v.3  |t 0  |l Bodrum (located in Turkey)